Barrayar /

Anarchy threatens Barrayar when the emperor dies leaving his five-year-old son as heir, and only one man, Aral Vorkosigan, and his extraordinary wife, Cordelia Naismith, can keep the empire united.

Bibliographic Details
Main Author: Bujold, Lois McMaster
Format: Book
Language:English
Published: Farmington, MA : NESFA Press, 2012.
Series:Bujold, Lois McMaster. Vorkosigan adventure ; 3.
Subjects:

MARC

Tag First Indicator Second Indicator Subfields
LEADER 00000cam a2200000Ia 4500
001 in00003741908
005 20180414063037.0
008 120601r20121991mau 000 f eng d
019 |a 775406362 
020 |a 9781886778931 (hdk.) 
020 |a 1886778930 (hdk.) 
035 |a (OCoLC)ocn794596222 
035 |a (OCoLC)794596222  |z (OCoLC)775406362 
040 |a TKL  |b eng  |c TKL  |d BTCTA  |d OCLCF  |d GK8  |d KSU  |d YDXCP  |d UtOrBLW 
049 |a TXAM 
050 4 |a PS3552.U397  |b B37 2012 
100 1 |a Bujold, Lois McMaster.  |0 http://id.loc.gov/authorities/names/n85225298 
245 1 0 |a Barrayar /  |c Lois McMasters Bujold. 
264 1 |a Farmington, MA :  |b NESFA Press,  |c 2012. 
264 4 |c ©2011 
300 |a 381 pages ;  |c 23 cm. 
336 |a text  |b txt  |2 rdacontent 
337 |a unmediated  |b n  |2 rdamedia 
338 |a volume  |b nc  |2 rdacarrier 
490 1 |a A Vorkosigan adventure ;  |v 3 
500 |a This is a reprint of the original 1991 version. 
520 |a Anarchy threatens Barrayar when the emperor dies leaving his five-year-old son as heir, and only one man, Aral Vorkosigan, and his extraordinary wife, Cordelia Naismith, can keep the empire united. 
650 0 |a Vorkosigan, Miles  |c (Fictitious character)  |v Fiction. 
650 7 |a Vorkosigan, Miles (Fictitious character)  |2 fast  |0 (OCoLC)fst01169191 
655 7 |a Science fiction.  |2 gsafd 
655 7 |a Fiction.  |2 fast  |0 (OCoLC)fst01423787 
776 0 8 |i Online version:  |a Bujold, Lois McMaster.  |t Barrayar.  |d New York, N.Y. : Baen Books, c1991  |w (OCoLC)605555666 
800 1 |a Bujold, Lois McMaster.  |t Vorkosigan adventure ;  |v 3.  |0 http://id.loc.gov/authorities/names/n96055994 
948 |a cataloged  |b h  |c 2016/8/19  |d c  |e kwilliams  |f 9:15:02 am 
994 |a C0  |b TXA 
999 f f |s d4fb7192-2ae3-3d4b-bc5c-755a2b06035d  |i 6a71b950-36f7-3f65-8fe9-60956025fc28  |t 0 
952 f f |p normal  |a Texas A&M University  |b College Station  |c Sterling C. Evans Library  |s Evans stk  |d Evans: Library Stacks  |t 0  |e PS3552.U397 B37 2012  |h Library of Congress classification  |i unmediated -- volume  |m A14843153330 
998 f f |a PS3552.U397 B37 2012  |t 0  |l Evans: Library Stacks